000
00357nam a2200157Ia 4500
008
230524s9999 xx 000 0 und d
082
_a
539
_b
PHE
100
_a
B.L.Theraja
245
0
_a
Modern Physics
250
_a
1ST
260
_a
NEW DELHI
_b
S.Chand
_c
2002
300
_a
VIII;422
500
_a
Quantity Number: 2
650
_a
Physics
942
_c
BK
999
_c
17628
_d
17628